MARC

LEADER 00000nam0a2200000 4500
001 34599
005 20231030225935.0
010 |a 5217007648 
035 |a (RuTPU)RU\TPU\book\35001 
035 |a BOOK00001652 
090 |a 34599 
100 |a 20011210d1989 m y0rusy50 ca 
101 0 |a rus 
102 |a RU 
105 |a y j 000zy 
200 1 |a Технология, механизация и автоматизация производства сварных конструкций: Атлас  |e учебное пособие  |f С. А. Куркин, В. М. Ховов, А. М. Рыбачук 
210 |a Москва  |c Машиностроение  |d 1989 
215 |a 327 с. 
610 1 |a сварные конструкции 
610 1 |a производство 
610 1 |a автоматизация 
610 1 |a механизация 
610 1 |a сварочные приспособления 
610 1 |a чертежи 
610 1 |a атласы 
610 1 |a учебные пособия 
675 |a 621.791:65.01(075.8)1.5(084)  |v 3 
700 1 |a Куркин  |b С. А.  |g Сергей Александрович 
701 1 |a Ховов  |b В. М.  |g Вячеслав Михайлович 
701 1 |a Рыбачук  |b А. М.  |g Александр Михайлович 
801 0 |a RU  |b 63413507  |c 20011210  |g PSBO 
801 2 |a RU  |b 63413507  |c 20220415  |g PSBO 
900 |a Автоматизация сварочных процессов 
900 |a Производство сварных конструкций 
942 |c BK